000 00350cam a2200145ua 4500
041 _ahin
_h
082 _a891.43
_bJAI/VJ
100 _aJainedrakumar, .
245 _aVichar Vellari /
_cJainedrakumar.
_hTextual Documents
260 _a :
_bRajapal yada sangei ,
_c1960.
300 _a206 ; .
504 _a
942 _cBK
999 _c11961
_d11961